000 00398nam a22001697a 4500
003 OSt
005 20211202154637.0
008 211202b |||||||| |||| 00| 0 eng d
020 _a0256205329
040 _cHU
082 _a657.3
100 _aMARSHALL. DAVID
_921585
245 _aACCOUNTING What the Numbers Mean
260 _aAmerica
_bLondon
_c1990
300 _a629
942 _2ddc
_cBOOKS
_n0
999 _c21227
_d21227